| 000 | 00000nam##2200000za#4500 |
| 001 | 9.646661 |
| 003 | CaOODSP |
| 005 | 20230202144024 |
| 007 | ta |
| 008 | 150407|1997||||xxc||||| f|0| 0 eng|d |
| 020 | |a0-662-25958-0 |
| 040 | |aCaOODSP|beng |
| 043 | |an-cn--- |
| 086 | 1 |aH72-21/152-1997E |
| 110 | 2 |aNational Clearinghouse on Family Violence (Canada). |
| 245 | 10|aBeginning a long journey : |ba review of projects funded by the Family Violence Prevention Division, Health Canada, regarding violence in aboriginal families |
| 260 | |aOttawa - Ontario : |bHealth Canada. |c1997. |
| 300 | |a27p. ; |c28 cm. |
| 500 | |a"This report is based on a review of files of 15 projects funded by the Family Violence Prevention Division of Health Canada under the federal government's Family Violence Initiative (1991-1996)."--Introduction. |
| 520 | 3 |aThis report is based on a review of files of 15 projects funded by the Family Violence Prevention Division of Health Canada under the federal government's Family Violence Initiative (1991-1996).--Introduction |
| 563 | |aSoftcover |
| 590 | |a98-06|b1998-02-06 |
| 690 | 07|aFamily violence|2gcpds |
| 775 | 08|tDébut d'un long parcours : |w(CaOODSP)9.680183 |
| 776 | 0#|tBeginning a long journey : |w(CaOODSP)9.695707 |